00451nam a2200169Ia 4500003000400000005001700004008004100021020001800062040000700080041000800087082001700095100002500112245006100137260005400198300001600252365001300268OSt20230329102842.0210423s2008 xx 000 0 und d a9788184570649 cAL aeng a303.483 SABT aSABHARWAL (Tarjeet). aSatellite television: an impact on social participation. aNew DelhibKanishka Publishers Distributorsc2008 avii,278bHB b650cINR